Rekabentuk Kraftangan Melayu Tradisi

Bibliographic Details
Main Author: Siti Zainon Ismail
Format: Book
Published: Kuala Lumpur : DBP , 1986
Subjects:

MARC

LEADER 00000cam a2200000 7i4500
001 0000007534
002 000008094
005 20000330.0
020 |a T000000636 
090 0 0 |a 745.5   |b SIT 
100 0 |a Siti Zainon Ismail 
245 1 0 |a Rekabentuk Kraftangan Melayu Tradisi   |c Siti Zainon Ismail 
260 |a Kuala Lumpur :   |b DBP ,   |c 1986 
300 |a 346 p. :   |b ill ;   |c 26 cm. 
650 0 0 |a Handicraft   |z Malaysia 
999 |a 051218   |b BUKU   |c MALAYSIANA   |e PERPUSTAKAAN KOMUNITI PETALING JAYA